000
00341 a2200157 4500
001
168723
020
_a
040
_c
Magnum
100
_a
Gil Neto, Antonio
240
1
0
_a
A producao de textos na escola
_l
por
245
1
0
_a
A producao de textos na escola
362
0
_a
1899
440
1
_a
Loyola
697
_a
SEM ASSUNTO
942
_c
BK
999
_c
168723
_d
168723